19th Century Literature Sorting Gallery Quiz Stats

 Plays Quiz Updated Jun 26, 2017

Support Sporcle.
Go Orange.
Score 0/45 Timer 07:00
2 Plays Today
% Correct
A Christmas Carol
97.7%
A Tale of Two Cities
94.9%
Adventures of Huckleberry Finn
94.8%
The Adventures of Tom Sawyer
94.6%
Great Expectations
93%
David Copperfield
92.8%
Oliver Twist
92.7%
Around the World in Eighty Days
90.8%
Pride and Prejudice
90.5%
Sense and Sensibility
88.8%
Journey to the Center of the Earth
88.6%
Twenty Thousand Leagues Under the Sea
88.6%
The Brothers Karamazov
88.4%
Crime and Punishment
85.8%
Moby-Dick
85.4%
Emma
85.3%
Life on the Mississippi
85%
A Connecticut Yankee in King Arthur's Court
84%
Les Misérables
83.7%
From the Earth to the Moon
83.3%
The Hunchback of Notre Dame
82.6%
Wuthering Heights
81.7%
Five Weeks in a Balloon
80.8%
% Correct
The Scarlet Letter
76.8%
The Celebrated Jumping Frog of Calaveras County
76.2%
Bleak House
76.1%
Mansfield Park
75.5%
The Mysterious Island
72.3%
Northanger Abbey
71.1%
Pudd'nhead Wilson
68%
Hard Times
67.8%
Persuasion
66.8%
Little Dorrit
66.1%
The Old Curiosity Shop
65.8%
Off on a Comet
63.6%
The Prince and the Pauper
62.9%
The Idiot
62%
The House of the Seven Gables
57.7%
The Blithedale Romance
46.8%
Notes from Underground
45.7%
The Innocents Abroad
41.8%
The House of the Dead
40.2%
Typee
34.4%
The Marble Faun
32.5%
The Man Who Laughs
23.8%

You're not logged in!

Compare scores with friends on all Sporcle quizzes.
OR
Log In
Forgot?

From the Vault

AC/DC Songs

by Kitnaz

Try to resist the urge to sing these songs out loud, it might slow you down.
Remove Ads.
Support Sporcle.
Get the best of Sporcle when you Go Orange. This ad-free experience offers more features, more stats, and more fun while also helping to support Sporcle. Thank you for becoming a member.

Show Comments

Extras

Top Quizzes Today


Score Distribution

Your Account Isn't Verified!

In order to create a playlist on Sporcle, you need to verify the email address you used during registration. Go to your Sporcle Settings to finish the process.

Report this User

Report this user for behavior that violates our Community Guidelines.

Details: